00746nam a2200229Ia 450000100060000000300090000600800410001504000130005604000130006904100130008210000330009510000290012824500750015724500860023225000110031826000120032926000180034126000490035930000550040865000220046365000310048576924IT-RoPAU130308s9999 xx 000 0 und d aIT-RoPAU cIT-RoPAU aITALIANO aCechov Michail Aleksandrovic gCodice Aut. SPICS: 27191 aLavoro dell'attore su di sè secondo il sistema di Stanislavskij (Il) bTeatro Possibile (Il)-Stanislavskij e Il Primo Studio del Teatro d'arte di Mosca a1a ed. aFIRENZE bLa Casa Usher c1989 [1° Ed.:1989 - Ed.Ling.Originale:1919] a"8 p. (prefazione: no ; testo: 8 [pagine: 76-83])" aTEORICHE TEATRALI eCodice materia Spics: 8405